| 000 | 01524cam a2200385 i 4500 | ||
|---|---|---|---|
| 999 |
_c531517 _d531517 |
||
| 001 | 19852683 | ||
| 003 | NUST | ||
| 005 | 20191018101725.0 | ||
| 008 | 170728s2017 ncu b 000 0 eng | ||
| 010 | _a 2017023486 | ||
| 020 | _a9781681239323 (pbk.) | ||
| 020 | _a9781681239330 (hardcover) | ||
| 020 | _z9781681239347 (e-book) | ||
| 038 | _aATTA | ||
| 040 |
_aDLC _beng _cDLC _erda _dDLC |
||
| 042 | _apcc | ||
| 050 | 0 | 0 |
_aHF5549.5.P35 _bC65 2017 |
| 082 | 0 | 0 |
_a658.3125 COL _223 |
| 100 | 1 |
_aColquitt, Alan L., _eauthor. _924305 |
|
| 245 | 1 | 0 |
_aNext generation performance management : _bthe triumph of science over myth and superstition / _cAlan L. Colquitt. |
| 264 | 1 |
_aCharlotte, NC : _bIAP- Information Age Publishing, Inc., _c[2017] |
|
| 300 |
_axxi, 214 pages ; _c24 cm |
||
| 336 |
_atext _btxt _2rdacontent |
||
| 337 |
_aunmediated _bn _2rdamedia |
||
| 338 |
_avolume _bnc _2rdacarrier |
||
| 504 | _aIncludes bibliographical references (pages 165-211) | ||
| 650 | 0 |
_aPerformance _xManagement. _913686 |
|
| 650 | 0 |
_aPersonnel management. _91204 |
|
| 650 | 0 |
_aEmployee motivation. _94008 |
|
| 650 | 0 |
_aOrganizational change. _94326 |
|
| 776 | 0 | 8 |
_iOnline version: _aColquitt, Alan L., author. _tNext generation performance management _dCharlotte, NC : IAP- Information Age Publishing, Inc., [2017] _z9781681239347 _w(DLC) 2017036553 |
| 906 |
_a7 _bcbc _corignew _d1 _eecip _f20 _gy-gencatlg |
||
| 942 |
_2ddc _cTHE |
||